ბათუმის შოთა რუსთაველის სახელმწიფო უნივერსიტეტის ბიბლიოთეკა

101 Things I Learned in Architecture School / (ბიბ.ჩანაწერი № 56472)

000 -LEADER
fixed length control field 00630nam a2200217Ia 4500
001 - CONTROL NUMBER
control field 23585
003 - CONTROL NUMBER IDENTIFIER
control field GE_BSU
005 - DATE AND TIME OF LATEST TRANSACTION
control field 20191007114536.0
008 - FIXED-LENGTH DATA ELEMENTS--GENERAL INFORMATION
fixed length control field 181216s2007||||en |||||||||||||| ||eng||
020 ## - INTERNATIONAL STANDARD BOOK NUMBER
International Standard Book Number 9780262062664
040 ## - CATALOGING SOURCE
Transcribing agency GE_BSU
041 ## - LANGUAGE CODE
Language code of text/sound track or separate title eng
080 ## - UNIVERSAL DECIMAL CLASSIFICATION NUMBER
Universal Decimal Classification number 72:745 M-40
100 ## - MAIN ENTRY--PERSONAL NAME
Personal name Matthew, Frederick
9 (RLIN) 4566
245 ## - TITLE STATEMENT
Title 101 Things I Learned in Architecture School /
Statement of responsibility, etc. Frederick Matthew.
264 ## - PRODUCTION, PUBLICATION, DISTRIBUTION, MANUFACTURE, AND COPYRIGHT NOTICE
Place of production, publication, distribution, manufacture Cambridge :
Name of producer, publisher, distributor, manufacturer The Mit Press,
Date of production, publication, distribution, manufacture, or copyright notice 2007.
300 ## - PHYSICAL DESCRIPTION
Extent 101 p.:
Other physical details ill ;
Dimensions 14 cm.
653 ## - INDEX TERM--UNCONTROLLED
keyword 101 Things I Learned in Architecture School
653 ## - INDEX TERM--UNCONTROLLED
keyword არქიტექტურა
942 ## - ADDED ENTRY ELEMENTS (KOHA)
Koha item type წიგნი
Source of classification or shelving scheme
ეგზემპლარები
Withdrawn status Lost status Source of classification or shelving scheme Damaged status Not for loan Permanent Location Current Location Shelving location Date acquired Cost, normal purchase price Full call number Barcode Date last seen Copy number Price effective from Koha item type Public note
          ბათუმის შოთა რუსთაველის სახელმწიფო უნივერსიტეტის მთავარი ბიბლიოთეკა ტექნოლოგიური ფაკულტეტის ბიბლიოთეკა წიგნსაცავი 2018-12-17 40.00 72:745 M-40 58767 2018-12-17 58767 2018-12-17 წიგნი 40.00